| 000 | 00609nam a22001817a 4500 | ||
|---|---|---|---|
| 999 |
_c184569 _d184569 |
||
| 005 | 20220124105746.0 | ||
| 010 | _aENG-131327 | ||
| 020 |
_a978-93-5322-886-6 _c350.00 |
||
| 035 | _aEN-114859 | ||
| 037 | _bDBAD | ||
| 082 | _a709.54 | ||
| 100 | _aAgrawal, P.K. | ||
| 245 |
_aIndian Art And Culture: _bFor Civil Services Preliminary and Main Examinations/ _cP.K. Agrawal |
||
| 260 |
_aNew Delhi _bPrabhat Paperbacks _c2020 |
||
| 270 |
_bNew Delhi _a4/19, Asaf Ali Road _e110002 _k91-11-23289777 _mprabhatbooks@gmail.com |
||
| 300 |
_a366p. _c24cm(pbk) _bIndex |
||
| 942 |
_2ddc _cEN _h709.54 _mAGR |
||